| 000 | 02020nam a2200289Ia 4500 | ||
|---|---|---|---|
| 003 | OSt | ||
| 005 | 20210525122304.0 | ||
| 008 | 210310s2009 ck ad gr 000 0dspa d | ||
| 020 | _a9789586953672 | ||
| 040 |
_aCO-JMCR _cCO-JMCR |
||
| 041 | 0 | _aspa | |
| 082 | 0 | 4 |
_a333.717 / _bC911d _223 |
| 100 | 1 |
_aCárdenas, Juan Camilo, _915690 _eautor |
|
| 245 | 1 | 0 |
_aDilemas de lo colectivo : _binstituciones, pobreza y cooperación en el manejo local de los recursos de uso común / _cJuan Camilo Cárdenas |
| 250 | _aPrimera edición | ||
| 260 |
_aBogotá : _bUniversidad de los Andes, _c2009 |
||
| 300 |
_axxii, 312 páginas : _bilustraciones y gráficas a blanco y negro ; _c24 cm. |
||
| 490 | 0 | _aColección CEDE, 50 años | |
| 500 | _aIncluye notas a pie de página y datos biográficos del autor. | ||
| 504 | _aBibliografía: páginas 211-224 | ||
| 505 | 0 | _aEl dilema de lo colectivo: lecciones desde lo ambiental -- Teoría de juegos y las soluciones al dilema de la acción colectiva -- Modelos y diseños experimentales para los juegos económicos en campo y en laboratorios -- Regulaciones e incentivos económicos para la cooperación: el riesgo de la erosión de la cooperación -- Asimetrías y desigualdades en los recursos de uso común -- Pobreza, distancia social y cooperación -- Disponibilidad a cooperar en los recursos -- Lecciones finales | |
| 520 | 3 | _aCuando nuestros intereses, deseos o necesidades particulares producen consecuencias socialmente indeseadas, enfrentamos un dilema de lo colectivo. Cumplir normas sociales, mantener nuestra riqueza ambiental o construir el espacio público de lo ciudadanos, son ejemplo en los que la cooperación de todos produce resultados socialmente superiores; no obstante, el interés individual se atraviesa con incentivos fuertes para no hacerlo. | |
| 650 | 1 | 4 |
_aRecursos naturales|xAspectos económicos|zColombia _915692 |
| 650 | 2 | 4 |
_aAdministración de los recursos naturales _96030 |
| 650 | 2 | 4 |
_aUtilización de los recursos _937866 |
| 942 |
_2ddc _cBK |
||
| 999 |
_c7873 _d7873 |
||